000 00450nam a2200181Ia 4500
001 24794
005 20260414151107.0
008 260414t2010||||xx |||||||||||||| ||spa||
041 _aESP
082 _a346
_bA59
100 _aAndrade Nery, Rosa María de
_eAUT
245 0 _aIntroducción a la ciencia del derecho civil
_b
260 _c2010
300 _a300 páginas :
_c24 cm.
650 _aDER
654 _aCDE
942 _cLIB
_dJUS
_fJUS
_2ddc
_n
999 _c24794
_d24794